| 000 | 01253cam a22003017a 4500 | ||
|---|---|---|---|
| 003 | CHAP | ||
| 005 | 20220329142024.0 | ||
| 008 | 990309d1996 mx r 00110 spa d | ||
| 010 | _a77200 | ||
| 011 | _a78172 | ||
| 035 | _a88034 | ||
| 040 | _cCHAP | ||
| 090 | _aFolleto 15332 | ||
| 100 | 0 | 0 |
_aGarcía Molina, Carlos. _946317 |
| 245 | 1 | 0 |
_aDocumento introductorio al paquete estadístico para ciencias sociales SPS/PC+ : _b(estructura básica y el módulo tables : comandos principales en las versiones 1.0-5.1 para microcomputadores con sistema operativo DOS) _c/por Carlos García Molina |
| 260 |
_aCuernavaca, Mor. : _bUniversida Nacional Autónoma de México. Centro Regional de Investigaciones Multidisciplinarias, _c1996. |
||
| 300 |
_a91 h. : _bcuadros |
||
| 590 |
_aBATCH-UPD _b10 _c20130110 _lUCH01 _h0702 |
||
| 590 |
_aBATCH-UPD _b10 _c20130410 _lUCH01 _h0348 |
||
| 590 |
_aBATCH-UPD _b10 _c20130914 _lUCH01 _h0938 |
||
| 590 |
_aCONVERSION _b10 _c20130109 _lUCH01 _h1343 |
||
| 650 | 1 | 4 |
_aCiencias sociales _xMétodos estadísticos. _923232 |
| 650 | 1 | 4 |
_aProcesamiento automático de datos en ciencias sociales. _991765 |
| 901 | _aBK | ||
| 905 | _aGuadalupe Pinto C. | ||
| 942 | _cFOLL | ||
| 949 |
_aFolleto 15332 _bBC _cFOLL _d880341 _eTS1 _i88034 _sb |
||
| 999 |
_c77200 _d77200 |
||